[Event "ESTCC 50 2019"]
[Site "Mali Losinj"]
[Date "2019.09.24"]
[Round "7.3"]
[White "Watzka, Horst"]
[Black "Kurajica, Bojan"]
[Result "0-1"]
[WhiteElo "2187"]
[BlackElo "2493"]
[Annotator "ChessBase"]
[PlyCount "86"]
[EventDate "2019.09.18"]
[EventType "team-tourn"]
[EventCountry "CRO"]
[SourceTitle "playchess.com"]
[Source "ChessBase"]
[SourceQuality "1"]
[WhiteTeam "Austria"]
[BlackTeam "Croatia"]
[WhiteTeamCountry "AUT"]
[BlackTeamCountry "CRO"]
[TimeControl "40/5400+30:1800+30"]

1. e4 {[%emt 0:00:30]} c5 {[%emt 0:00:30]} 2. Nf3 {[%emt 0:00:30]} Nc6 {[%emt 0:00:00]} 3. d4 {[%emt 0:03:30]} cxd4 {[%emt 0:00:00]} 4. Nxd4 {[%emt 0:00:30]} Qb6 {[%emt 0:00:30]} 5. Nb3 {[%emt 0:02:30]} Nf6 {[%emt 0:00:00]} 6. Nc3 {[%emt 0:00:00]} e6 {[%emt 0:00:00]} 7. Bd3 {[%emt 0:01:00]} d6 {[%emt 0:00:30]} 8. Qe2 {[%emt 0:01:30]} a6 {[%emt 0:00:30]} 9. Be3 {[%emt 0:02:30]} Qc7 {[%emt 0:00:30]} 10. O-O-O {[%emt 0:05:30]} b5 {[%emt 0:00:00]} 11. f4 {[%emt 0:02:30]} Bb7 {[%emt 0:00:00]} 12. Kb1 {[%emt 0:01:30]} h5 {[%emt 0:07:30]} 13. Rhe1 {[%emt 0:02:30]} Be7 {[%emt 0:00:30]} 14. g3 {[%emt 0:01:30]} Nb4 {[%emt 0:12:30]} 15. Bg1 {[%emt 0:04:30]} Nd7 {[%emt 0:03:30]} 16. Qd2 {[%emt 0:10:30]} Nxd3 {[%emt 0:01:30]} 17. cxd3 {[%emt 0:03:30]} Nc5 {[%emt 0:13:30]} 18. Rc1 {[%emt 0:01:30]} O-O {[%emt 0:06:30]} 19. Qd1 {[%emt 0:00:30]} Qd8 {[%emt 0:01:30]} 20. d4 {[%emt 0:03:30]} Nxb3 {[%emt 0:00:30]} 21. Qxb3 {[%emt 0:00:30]} Qa5 {[%emt 0:08:30]} 22. a3 {[%emt 0:02:30]} Rac8 {[%emt 0:00:30]} 23. d5 {[%emt 0:00:30]} Rc4 {[%emt 0:02:30]} 24. Rcd1 {[%emt 0:10:30]} Rfc8 {[%emt 0:01:30]} 25. dxe6 {[%emt 0:02:30]} fxe6 {[%emt 0:00:00]} 26. f5 {[%emt 0:00:30]} Bf6 {[%emt 0:15:00]} 27. Rxd6 {[%emt 0:12:30]} Bxc3 {[%emt 0:03:30]} 28. bxc3 {[%emt 0:00:30]} Bxe4+ {[%emt 0:02:30]} 29. Rxe4 {[%emt 0:03:30]} Rxe4 {[%emt 0:00:30]} 30. Rxe6 {[%emt 0:00:00]} Rec4 {[%emt 0:00:00]} 31. Bd4 {[%emt 0:01:00]} b4 {[%emt 0:01:00]} 32. Re5 {[%emt 0:02:38]} Qxa3 {[%emt 0:00:30]} 33. Qxa3 {[%emt 0:00:10]} bxa3 {[%emt 0:00:30]} 34. Ka2 {[%emt 0:01:46]} Kf7 {[%emt 0:07:08]} 35. Kxa3 {[%emt 0:00:30]} Rxc3+ {[%emt 0:00:22]} 36. Bxc3 {[%emt 0:00:15]} Rxc3+ {[%emt 0:00:05]} 37. Kb4 {[%emt 0:01:19]} Rc2 {[%emt 0:00:18]} 38. h3 {[%emt 0:16:03]} Rg2 {[%emt 0:00:31]} 39. Re3 {[%emt 0:00:06]} Kf6 {[%emt 0:01:46]} 40. Rf3 {[%emt 0:00:03]} Rh2 {[%emt 0:00:00]} 41. h4 {[%emt 0:04:10]} Ra2 {[%emt 0:12:50]} 42. Rf1 {[%emt 0:00:30]} a5+ {[%emt 0:03:30]} 43. Kb3 {[%emt 0:01:30]} Re2 {[%emt 0:01:30]} 0-1

[Event "ESTCC 50 2019"]
[Site "Mali Losinj"]
[Date "2019.09.24"]
[Round "7.4"]
[White "Fercec, Nenad"]
[Black "Ernst, Michael"]
[Result "1-0"]
[WhiteElo "2439"]
[BlackElo "2199"]
[Annotator "NA"]
[PlyCount "45"]
[EventDate "2019.09.18"]
[EventType "team-tourn"]
[EventCountry "CRO"]
[SourceTitle "playchess.com"]
[Source "ChessBase"]
[SourceQuality "1"]
[WhiteTeam "Croatia"]
[BlackTeam "Austria"]
[WhiteTeamCountry "CRO"]
[BlackTeamCountry "AUT"]
[TimeControl "40/5400+30:1800+30"]

1. e4 {[%emt 0:00:30]} e6 {[%emt 0:00:30]} 2. d4 {[%emt 0:00:00]} d5 {[%emt 0:00:00]} 3. Nd2 {[%emt 0:00:00]} dxe4 {[%emt 0:01:00]} 4. Nxe4 {[%emt 0:00:30]} Bd7 {[%emt 0:00:30]} 5. Nf3 {[%emt 0:00:30]} Bc6 {[%emt 0:00:30]} 6. Neg5 {[%emt 0:00:30]} Be7 {[%emt 0:02:30]} 7. Bc4 {[%emt 0:02:30]} Bd5 {[%emt 0:01:30]} 8. Bd3 {[%emt 0:08:30]} Nf6 {[%emt 0:01:30]} 9. Ne5 {[%emt 0:00:30]} O-O {[%emt 0:00:00]} 10. c3 {[%emt 0:03:30]} c5 {[%emt 0:05:00]} 11. Qc2 {[%emt 0:12:30]} g6 {[%emt 0:02:30]} 12. h4 {[%emt 0:01:30]} Nc6 {[%emt 0:03:30]} 13. h5 {[%emt 0:10:30]} Nxe5 {[%emt 0:03:30]} 14. dxe5 {[%emt 0:00:30]} Nxh5 {[%emt 0:07:30]} 15. Rxh5 {[%emt 0:10:30]} gxh5 {[%emt 0:00:30]} 16. Bxh7+ {[%emt 0:01:30]} Kg7 {[%emt 0:01:30]} 17. Bg8 {[%emt 0:01:30]} f5 {[%emt 0:01:30]} 18. exf6+ {[%emt 0:00:30]} Rxf6 {[%emt 0:09:30]} 19. Qh7+ {[%emt 0:00:30]} Kf8 {[%emt 0:00:30]} 20. Qh8 {[%emt 0:02:30]} Ke8 {[%emt 0:01:30]} 21. Bxe6+ {[%emt 0:01:30]} Bf8 {[%emt 0:00:30]} 22. Bxd5 {[%emt 0:01:30]} Rf5 {[%emt 0:07:30]} 23. Qxh5+ {[%emt 0:00:30]} 1-0

[Event "ESTCC 50 2019"]
[Site "Mali Losinj"]
[Date "2019.09.24"]
[Round "7.5"]
[White "Ponce Navalon, Jose"]
[Black "Burmakin, Vladimir"]
[Result "0-1"]
[WhiteElo "2024"]
[BlackElo "2496"]
[Annotator "ChessBase"]
[PlyCount "58"]
[EventDate "2019.09.18"]
[EventType "team-tourn"]
[EventCountry "CRO"]
[SourceTitle "playchess.com"]
[Source "ChessBase"]
[SourceQuality "1"]
[WhiteTeam "Spain"]
[BlackTeam "Russia"]
[WhiteTeamCountry "ESP"]
[BlackTeamCountry "RUS"]
[TimeControl "40/5400+30:1800+30"]

1. e4 {[%emt 0:00:30]} c6 {[%emt 0:00:30]} 2. d4 {[%emt 0:00:00]} d5 {[%emt 0:00:00]} 3. exd5 {[%emt 0:00:00]} cxd5 {[%emt 0:00:00]} 4. Bd3 {[%emt 0:00:30]} Nf6 {[%emt 0:00:30]} 5. h3 {[%emt 0:00:30]} g6 {[%emt 0:00:00]} 6. Nf3 {[%emt 0:00:30]} Nc6 {[%emt 0:00:00]} 7. O-O {[%emt 0:00:30]} Bg7 {[%emt 0:01:30]} 8. Re1 {[%emt 0:01:30]} O-O {[%emt 0:00:30]} 9. c3 {[%emt 0:00:30]} Bf5 {[%emt 0:00:30]} 10. Bxf5 {[%emt 0:07:30]} gxf5 {[%emt 0:00:30]} 11. Bg5 {[%emt 0:00:30]} Ne4 {[%emt 0:00:00]} 12. Nbd2 {[%emt 0:00:30]} Qd6 {[%emt 0:17:00]} 13. Re3 {[%emt 0:17:30]} Kh8 {[%emt 0:01:30]} 14. Nxe4 {[%emt 0:02:30]} fxe4 {[%emt 0:00:30]} 15. Nh2 {[%emt 0:00:00]} f5 {[%emt 0:00:30]} 16. g3 {[%emt 0:02:00]} Bh6 {[%emt 0:06:30]} 17. Bxh6 {[%emt 0:09:30]} Qxh6 {[%emt 0:00:30]} 18. Qb3 {[%emt 0:00:30]} Qd6 {[%emt 0:00:30]} 19. f4 {[%emt 0:01:30]} Rg8 {[%emt 0:00:00]} 20. Rf1 {[%emt 0:00:30]} Na5 {[%emt 0:00:00]} 21. Qd1 {[%emt 0:01:30]} Nc4 {[%emt 0:00:00]} 22. Qe2 {[%emt 0:00:00]} Raf8 {[%emt 0:03:00]} 23. Qf2 {[%emt 0:02:00]} Nxe3 {[%emt 0:01:30]} 24. Qxe3 {[%emt 0:00:00]} Rf6 {[%emt 0:00:30]} 25. Rf2 {[%emt 0:00:00]} h5 {[%emt 0:03:30]} 26. h4 {[%emt 0:01:30]} Rxg3+ {[%emt 0:00:30]} 27. Qxg3 {[%emt 0:00:30]} Rg6 {[%emt 0:00:30]} 28. Kg2 {[%emt 0:01:30]} Rxg3+ {[%emt 0:00:30]} 29. Kxg3 {[%emt 0:00:00]} Qa6 {[%emt 0:00:00]} 0-1

[Event "ESTCC 50 2019"]
[Site "Mali Losinj"]
[Date "2019.09.24"]
[Round "7.6"]
[White "Gleizerov, Evgeny"]
[Black "Pastor Alonso De Prado, Alberto"]
[Result "1-0"]
[WhiteElo "2503"]
[BlackElo "2010"]
[Annotator "ChessBase"]
[PlyCount "31"]
[EventDate "2019.09.18"]
[EventType "team-tourn"]
[EventCountry "CRO"]
[SourceTitle "playchess.com"]
[Source "ChessBase"]
[SourceQuality "1"]
[WhiteTeam "Russia"]
[BlackTeam "Spain"]
[WhiteTeamCountry "RUS"]
[BlackTeamCountry "ESP"]
[TimeControl "40/5400+30:1800+30"]

1. d4 {[%emt 0:00:30]} d5 {[%emt 0:00:30]} 2. c4 {[%emt 0:00:00]} e6 {[%emt 0:00:30]} 3. Nf3 {[%emt 0:00:00]} Nf6 {[%emt 0:00:30]} 4. g3 {[%emt 0:00:00]} Be7 {[%emt 0:00:30]} 5. Bg2 {[%emt 0:00:00]} O-O {[%emt 0:00:00]} 6. O-O {[%emt 0:00:30]} b6 {[%emt 0:00:00]} 7. cxd5 {[%emt 0:00:30]} exd5 {[%emt 0:00:30]} 8. Nc3 {[%emt 0:00:00]} Bb7 {[%emt 0:08:30]} 9. Qc2 {[%emt 0:03:00]} Na6 {[%emt 0:00:30]} 10. Bf4 {[%emt 0:00:30]} h6 {[%emt 0:01:30]} 11. Rad1 {[%emt 0:01:30]} Qc8 {[%emt 0:13:30]} 12. Nh4 {[%emt 0:16:30]} Re8 {[%emt 0:00:30]} 13. Nf5 {[%emt 0:07:30]} Bf8 {[%emt 0:07:30]} 14. Bh3 {[%emt 0:01:30]} Kh8 {[%emt 0:06:30]} 15. Be5 {[%emt 0:03:30]} Ne4 {[%emt 0:02:30]} 16. Nxg7 {[%emt 0:00:30]} 1-0

[Event "ESTCC 50 2019"]
[Site "Mali Losinj"]
[Date "2019.09.24"]
[Round "7.7"]
[White "Ruiz Bellon, Manuel"]
[Black "Yakovich, Yuri"]
[Result "0-1"]
[WhiteElo "1973"]
[BlackElo "2518"]
[Annotator "TA"]
[PlyCount "118"]
[EventDate "2019.09.18"]
[EventType "team-tourn"]
[EventCountry "CRO"]
[SourceTitle "playchess.com"]
[Source "ChessBase"]
[SourceQuality "1"]
[WhiteTeam "Spain"]
[BlackTeam "Russia"]
[WhiteTeamCountry "ESP"]
[BlackTeamCountry "RUS"]

{[%evp 14,118,0,-31,12,-10,-22,-56,-14,-52,-45,-47,-43,-55,-22,-29,-30,-77,-65,-141,-180,-155,-41,-50,0,0,0,0,32,37,43,43,29,-4,-8,-9,-10,-8,0,0,0,-25,-21,-19,-9,-13,0,-22,-25,-30,-19,-19,-18,-24,-21,-67,0,0,0,-21,0,-16,-6,-14,-6,-9,0,0,72,57,6,0,0,0,0,0,0,-8,-8,-295,-292,-573,-296,-565,-63,-60,-62,-68,-12,-12,-12,-12,-12,-12,-12,-14,-17,-453,-453,-433,-419,-2149,-2112,-1658,-1804,-1505,-1372]} 1. Nf3 d5 2. g3 c5 3. Bg2 Nc6 4. c4 dxc4 5. Na3 e5 6. Nxc4 f6 7. d3 Nge7 8. O-O Nf5 {A09: Réti Opening: 1 Nf3 d5 2 c4} (8... Be6) 9. a3 Be6 10. Qa4 $146 ({Predecessor:} 10. Bd2 Qd7 11. b4 e4 12. b5 Nd8 13. dxe4 Nxg3 14. hxg3 Bxc4 15. a4 {1-0 (32) Topakian,R (2406)-Wiesinger,R (2215) Austria 2001}) 10... Bd7 {Black is slightly better.} (10... Rb8 $5 {[%cal Rb7b5]} 11. Ne3 Nfd4 12. Nxd4 cxd4 $11) 11. e4 Nfd4 12. Nxd4 Nxd4 13. Qd1 Be7 14. f4 exf4 15. Qh5+ g6 16. Qh6 ({White should try} 16. Qd5 $15) 16... Bf8 $17 17. Qh4 f3 (17... b5 $17 18. Nd2 fxg3 19. hxg3 Bd6) 18. Bxf3 $15 Be6 19. e5 Nxf3+ 20. Rxf3 f5 21. Bg5 Qd4+ 22. Qxd4 cxd4 23. Bf6 Rg8 24. Rf4 $132 {[%mdl 2048] White is fighting back} Bxc4 25. dxc4 Bh6 26. Rf3 Rc8 27. b3 Be3+ 28. Kf1 Kf7 29. a4 Ke6 30. h4 Rc6 31. Ke2 Rb6 32. Rb1 h6 33. Kd3 Rc8 34. Rff1 Rbc6 (34... a6 $15) 35. Rb2 $11 Rg8 36. Rh2 Rc7 37. h5 g5 38. g4 fxg4 {White should prevent ...g3.} 39. Rg2 a6 40. a5 b5 (40... Rb8 $11 {remains equal.}) 41. axb6 $16 Rc6 42. Rxg4 Rxb6 43. Rg2 Rxb3+ 44. Ke4 Ra8 45. Ra2 Bf4 {Strongly threatening ...d3.} 46. Kxd4 $2 {[%mdl 8192] [#]} (46. Rfa1 $11 Re3+ 47. Kxd4) 46... a5 $19 47. Rfa1 $2 (47. Ra4) 47... Be3+ 48. Ke4 Bb6 $2 ({Black should play} 48... Rc8 $19 {( -> ...Bb6)} 49. Rd1 Rxc4+ 50. Kf3 Bc5+ 51. Kg2 Rg4+ 52. Kh2 Rh4+ 53. Kg2 Rhh3 54. Rd6+ Bxd6 55. exd6 Kxf6 56. Rxa5 Rhd3) 49. Ra3 $15 Rxa3 50. Rxa3 {[%mdl 4096] Endgame KRB-KRB} a4 (50... Rc8 $15 51. Ra4 Rg8) 51. Bg7 $11 Bc5 52. Ra2 a3 53. Bxh6 Rg8 54. Rg2 Be7 55. Rf2 $2 {[%mdl 8192] [#]} (55. c5 $11 {and White has nothing to worry.}) 55... Rh8 $19 56. Bg7 Rxh5 {aiming for ...Rh4+.} 57. Bf6 (57. Bf8 $142 Rh4+ 58. Ke3) 57... Rh4+ {Black is clearly winning.} 58. Kd3 Bc5 59. Rf1 Rh3+ {Accuracy: White = 48%, Black = 52%.} 0-1

[Event "ESTCC 50 2019"]
[Site "Mali Losinj"]
[Date "2019.09.24"]
[Round "7.8"]
[White "Ibragimov, Ildar"]
[Black "Lopez de Turiso, Jose Angel"]
[Result "1-0"]
[WhiteElo "2537"]
[BlackElo "1945"]
[Annotator "ChessBase"]
[PlyCount "56"]
[EventDate "2019.09.18"]
[EventType "team-tourn"]
[EventCountry "CRO"]
[SourceTitle "playchess.com"]
[Source "ChessBase"]
[SourceQuality "1"]
[WhiteTeam "Russia"]
[BlackTeam "Spain"]
[WhiteTeamCountry "RUS"]
[BlackTeamCountry "ESP"]
[TimeControl "40/5400+30:1800+30"]

1. d4 {[%emt 0:00:30]} d5 {[%emt 0:00:30]} 2. Nf3 {[%emt 0:00:30]} Nf6 {[%emt 0:00:30]} 3. c4 {[%emt 0:00:30]} e6 {[%emt 0:00:30]} 4. Nc3 {[%emt 0:00:30]} Be7 {[%emt 0:00:30]} 5. Bf4 {[%emt 0:01:30]} O-O {[%emt 0:01:30]} 6. e3 {[%emt 0:00:30]} b6 {[%emt 0:01:30]} 7. Qc2 {[%emt 0:11:30]} c5 {[%emt 0:21:30]} 8. cxd5 {[%emt 0:03:30]} exd5 {[%emt 0:06:30]} 9. Be2 {[%emt 0:03:30]} Bb7 {[%emt 0:05:30]} 10. Rd1 {[%emt 0:06:30]} Nbd7 {[%emt 0:06:30]} 11. O-O {[%emt 0:06:30]} a6 {[%emt 0:01:30]} 12. dxc5 {[%emt 0:00:30]} bxc5 {[%emt 0:00:30]} 13. Ne5 {[%emt 0:02:30]} Nb6 {[%emt 0:18:30]} 14. Nc4 {[%emt 0:09:30]} Nxc4 {[%emt 0:12:30]} 15. Bxc4 {[%emt 0:00:30]} Qd7 {[%emt 0:02:01]} 16. Be5 {[%emt 0:07:30]} Qe6 {[%emt 0:01:39]} 17. Bxf6 {[%emt 0:00:00]} dxc4 {[%emt 0:00:23]} 18. Bxe7 {[%emt 0:01:00]} Qxe7 {[%emt 0:00:07]} 19. Qa4 {[%emt 0:02:30]} Qh4 {[%emt 0:06:43]} 20. e4 {[%emt 0:01:30]} f5 {[%emt 0:05:36]} 21. Rd7 {[%emt 0:02:30]} Rab8 {[%emt 0:02:01]} 22. Qxc4+ {[%emt 0:04:30]} Kh8 {[%emt 0:00:07]} 23. Qxc5 {[%emt 0:00:30]} Bxe4 {[%emt 0:02:27]} 24. Qe5 {[%emt 0:06:30]} Qh6 {[%emt 0:01:35]} 25. Nxe4 {[%emt 0:04:30]} fxe4 {[%emt 0:00:02]} 26. Rd6 {[%emt 0:00:30]} Qh4 {[%emt 0:00:34]} 27. Rxa6 {[%emt 0:00:30]} Rfe8 {[%emt 0:01:04]} 28. Re6 {[%emt 0:00:00]} Rxe6 {[%emt 0:01:15]} 1-0

[Event "ESTCC 50 2019"]
[Site "Mali Losinj"]
[Date "2019.09.24"]
[Round "7.9"]
[White "Sulc, Damir"]
[Black "Mikhalchishin, Adrian"]
[Result "0-1"]
[WhiteElo "2207"]
[BlackElo "2465"]
[Annotator "ChessBase"]
[PlyCount "67"]
[EventDate "2019.09.18"]
[EventType "team-tourn"]
[EventCountry "CRO"]
[SourceTitle "playchess.com"]
[Source "ChessBase"]
[SourceQuality "1"]
[WhiteTeam "Croatia"]
[BlackTeam "Slovenia"]
[WhiteTeamCountry "CRO"]
[BlackTeamCountry "SLO"]
[TimeControl "40/5400+30:1800+30"]

1. e4 {[%emt 0:00:30]} e5 {[%emt 0:00:30]} 2. Nf3 {[%emt 0:00:00]} Nc6 {[%emt 0:00:30]} 3. Bb5 {[%emt 0:00:00]} a6 {[%emt 0:00:30]} 4. Ba4 {[%emt 0:00:30]} Nge7 {[%emt 0:00:30]} 5. c3 {[%emt 0:01:30]} g6 {[%emt 0:00:30]} 6. O-O {[%emt 0:00:30]} Bg7 {[%emt 0:01:30]} 7. d4 {[%emt 0:01:30]} b5 {[%emt 0:05:30]} 8. Bb3 {[%emt 0:01:30]} exd4 {[%emt 0:01:30]} 9. cxd4 {[%emt 0:00:30]} d6 {[%emt 0:01:30]} 10. h3 {[%emt 0:01:30]} O-O {[%emt 0:01:30]} 11. Nc3 {[%emt 0:06:30]} Na5 {[%emt 0:01:30]} 12. Bc2 {[%emt 0:01:30]} c5 {[%emt 0:01:30]} 13. Bf4 {[%emt 0:18:30]} cxd4 {[%emt 0:14:30]} 14. Nxd4 {[%emt 0:07:30]} Nc4 {[%emt 0:03:30]} 15. Nde2 {[%emt 0:15:30]} Nxb2 {[%emt 0:15:30]} 16. Qxd6 {[%emt 0:00:30]} Be6 {[%emt 0:01:30]} 17. a4 {[%emt 0:03:30]} Rc8 {[%emt 0:20:30]} 18. e5 {[%emt 0:18:18]} Nd5 {[%emt 0:00:30]} 19. Nxd5 {[%emt 0:02:48]} Rxc2 {[%emt 0:06:40]} 20. Ne7+ {[%emt 0:10:38]} Kh8 {[%emt 0:00:20]} 21. Ng3 {[%emt 0:00:19]} Qxd6 {[%emt 0:08:14]} 22. exd6 {[%emt 0:00:08]} Nd3 {[%emt 0:01:18]} 23. Be3 {[%emt 0:01:26]} Bxa1 {[%emt 0:00:35]} 24. Rxa1 {[%emt 0:00:05]} b4 {[%emt 0:00:17]} 25. Rd1 {[%emt 0:01:41]} Ne5 {[%emt 0:02:39]} 26. Bd4 {[%emt 0:01:57]} f6 {[%emt 0:00:06]} 27. Ne4 {[%emt 0:00:16]} Nd7 {[%emt 0:01:28]} 28. Re1 {[%emt 0:01:50]} Kg7 {[%emt 0:04:12]} 29. f4 {[%emt 0:01:05]} Kf7 {[%emt 0:01:46]} 30. g4 {[%emt 0:00:40]} b3 {[%emt 0:02:18]} 31. f5 {[%emt 0:01:13]} gxf5 {[%emt 0:00:42]} 32. gxf5 {[%emt 0:00:30]} Bc4 {[%emt 0:00:36]} 33. Rb1 {[%emt 0:00:34]} Bd3 {[%emt 0:00:00]} 34. Re1 {[%emt 0:01:17]} 0-1

[Event "ESTCC 50 2019"]
[Site "Mali Losinj"]
[Date "2019.09.24"]
[Round "7.10"]
[White "Mohr, Georg"]
[Black "Dusper, Hrvoje"]
[Result "1/2-1/2"]
[WhiteElo "2445"]
[BlackElo "2221"]
[Annotator "NA RC"]
[PlyCount "135"]
[EventDate "2019.09.18"]
[EventType "team-tourn"]
[EventCountry "CRO"]
[SourceTitle "playchess.com"]
[Source "ChessBase"]
[SourceQuality "1"]
[WhiteTeam "Slovenia"]
[BlackTeam "Croatia"]
[WhiteTeamCountry "SLO"]
[BlackTeamCountry "CRO"]
[TimeControl "40/5400+30:1800+30"]

1. e4 {[%emt 0:00:30]} c5 {[%emt 0:00:30]} 2. Nf3 {[%emt 0:00:30]} Nc6 {[%emt 0:00:30]} 3. d4 {[%emt 0:00:30]} cxd4 {[%emt 0:00:30]} 4. Nxd4 {[%emt 0:00:00]} g6 {[%emt 0:00:30]} 5. c4 {[%emt 0:00:00]} Bg7 {[%emt 0:00:30]} 6. Be3 {[%emt 0:00:30]} Nf6 {[%emt 0:00:30]} 7. Nc3 {[%emt 0:00:00]} Ng4 {[%emt 0:01:30]} 8. Qxg4 {[%emt 0:00:00]} Nxd4 {[%emt 0:00:00]} 9. Qd1 {[%emt 0:00:30]} Ne6 {[%emt 0:00:00]} 10. Rc1 {[%emt 0:00:00]} O-O {[%emt 0:00:30]} 11. Bd3 {[%emt 0:08:00]} d6 {[%emt 0:01:30]} 12. Qd2 {[%emt 0:02:30]} Nc5 {[%emt 0:09:30]} 13. Bb1 {[%emt 0:01:30]} b6 {[%emt 0:05:30]} 14. O-O {[%emt 0:20:30]} Bb7 {[%emt 0:02:30]} 15. f3 {[%emt 0:00:30]} Re8 {[%emt 0:02:30]} 16. Rfd1 {[%emt 0:01:30]} Rc8 {[%emt 0:06:30]} 17. Nb5 {[%emt 0:05:30]} a6 {[%emt 0:01:30]} 18. Nd4 {[%emt 0:00:30]} Ba8 {[%emt 0:01:30]} 19. b4 {[%emt 0:02:30]} Nd7 {[%emt 0:01:30]} 20. Bd3 {[%emt 0:00:30]} Qc7 {[%emt 0:06:30]} 21. Bf1 {[%emt 0:02:30]} Qb8 {[%emt 0:03:30]} 22. Nb3 {[%emt 0:00:30]} Bc6 {[%emt 0:03:30]} 23. Qf2 {[%emt 0:06:30]} Ba4 {[%emt 0:02:30]} 24. Rd2 {[%emt 0:07:30]} Bxb3 {[%emt 0:00:30]} 25. axb3 {[%emt 0:00:30]} a5 {[%emt 0:00:30]} 26. Rd5 {[%emt 0:18:30]} axb4 {[%emt 0:08:30]} 27. Rb5 {[%emt 0:00:30]} Nc5 {[%emt 0:12:30]} 28. Rxb4 {[%emt 0:00:00]} Qa7 {[%emt 0:04:30]} 29. Rb5 {[%emt 0:00:00]} Qa3 {[%emt 0:01:30]} 30. Rb1 {[%emt 0:02:30]} Rb8 {[%emt 0:03:30]} 31. Qd2 {[%emt 0:02:17]} Rec8 {[%emt 0:02:25]} 32. Qc2 {[%emt 0:05:58]} Rc7 {[%emt 0:03:16]} 33. Bf2 {[%emt 0:04:41]} Ra7 {[%emt 0:08:25]} 34. b4 {[%emt 0:00:36]} Ne6 {[%emt 0:02:39]} 35. Rxb6 {[%emt 0:02:25]} Rxb6 {[%emt 0:01:10]} 36. Bxb6 {[%emt 0:00:01]} Rb7 {[%emt 0:00:10]} 37. Ba5 {[%emt 0:05:04]} Bd4+ {[%emt 0:01:22]} 38. Kh1 {[%emt 0:00:00]} Qe3 {[%emt 0:00:00]} 39. Bd3 {[%emt 0:00:09]} Nf4 {[%emt 0:01:01]} 40. Rd1 {[%emt 0:00:11]} Nh3 {[%emt 0:00:00]} 41. Rf1 {[%emt 0:09:08]} Nf2+ {[%emt 0:01:02]} 42. Qxf2 {[%emt 0:00:00]} Qxf2 {[%emt 0:00:30]} 43. Rxf2 {[%emt 0:00:00]} Bxf2 {[%emt 0:00:00]} 44. e5 {[%emt 0:00:00]} Be1 {[%emt 0:01:00]} 45. exd6 {[%emt 0:06:00]} exd6 {[%emt 0:00:30]} 46. Be4 {[%emt 0:00:00]} Rb8 {[%emt 0:00:00]} 47. Bc7 {[%emt 0:00:00]} Rxb4 {[%emt 0:00:00]} 48. Bxd6 {[%emt 0:00:30]} Rxc4 {[%emt 0:00:30]} 49. g4 {[%emt 0:00:30]} Bb4 {[%emt 0:03:30]} 50. Bf4 {[%emt 0:00:30]} Kg7 {[%emt 0:00:30]} 51. g5 {[%emt 0:06:07]} Bc3 {[%emt 0:01:30]} 52. Kg2 {[%emt 0:01:02]} f6 {[%emt 0:01:30]} 53. gxf6+ {[%emt 0:00:30]} Bxf6 {[%emt 0:00:30]} 54. Kg3 {[%emt 0:01:12]} Rc5 {[%emt 0:01:30]} 55. Be3 {[%emt 0:01:08]} Ra5 {[%emt 0:00:30]} 56. h3 {[%emt 0:01:24]} Be5+ {[%emt 0:01:30]} 57. f4 {[%emt 0:00:09]} Ra3 {[%emt 0:01:30]} 58. Kf2 {[%emt 0:00:16]} Bf6 {[%emt 0:00:30]} 59. Ke2 {[%emt 0:02:16]} Ra4 {[%emt 0:01:30]} 60. Bc6 {[%emt 0:00:53]} Ra3 {[%emt 0:01:30]} 61. Bd7 {[%emt 0:00:38]} h6 {[%emt 0:00:30]} 62. Be6 {[%emt 0:00:49]} g5 {[%emt 0:01:30]} 63. fxg5 {[%emt 0:00:16]} hxg5 {[%emt 0:00:00]} 64. Kf2 {[%emt 0:01:29]} Ra5 {[%emt 0:01:00]} 65. Kf3 {[%emt 0:00:38]} Bc3 {[%emt 0:01:30]} 66. Bf2 {[%emt 0:01:00]} Kf6 {[%emt 0:00:30]} 67. Bg4 {[%emt 0:00:53]} Ra2 {[%emt 0:01:30]} 68. h4 {[%emt 0:01:09]} 1/2-1/2

[Event "ESTCC 50 2019"]
[Site "Mali Losinj"]
[Date "2019.09.24"]
[Round "7.11"]
[White "Martic, Zlatko"]
[Black "Mencinger, Vojko"]
[Result "1-0"]
[WhiteElo "2283"]
[BlackElo "2332"]
[Annotator "NA"]
[PlyCount "87"]
[EventDate "2019.09.18"]
[EventType "team-tourn"]
[EventCountry "CRO"]
[SourceTitle "playchess.com"]
[Source "ChessBase"]
[SourceQuality "1"]
[WhiteTeam "Croatia"]
[BlackTeam "Slovenia"]
[WhiteTeamCountry "CRO"]
[BlackTeamCountry "SLO"]
[TimeControl "40/5400+30:1800+30"]

1. b3 {[%emt 0:00:30]} d5 {[%emt 0:00:30]} 2. Bb2 {[%emt 0:00:00]} Nc6 {[%emt 0:01:30]} 3. e3 {[%emt 0:01:00]} e5 {[%emt 0:00:30]} 4. Bb5 {[%emt 0:02:30]} f6 {[%emt 0:00:30]} 5. d4 {[%emt 0:03:30]} exd4 {[%emt 0:01:30]} 6. Qxd4 {[%emt 0:01:30]} a6 {[%emt 0:05:30]} 7. Bxc6+ {[%emt 0:00:30]} bxc6 {[%emt 0:00:30]} 8. Nf3 {[%emt 0:00:30]} c5 {[%emt 0:02:30]} 9. Qd2 {[%emt 0:07:30]} Be6 {[%emt 0:03:30]} 10. Nc3 {[%emt 0:00:30]} Qd7 {[%emt 0:03:30]} 11. O-O {[%emt 0:09:30]} Bd6 {[%emt 0:05:30]} 12. Rfd1 {[%emt 0:01:30]} Ne7 {[%emt 0:02:30]} 13. e4 {[%emt 0:08:30]} d4 {[%emt 0:01:30]} 14. Ne2 {[%emt 0:00:00]} Bg4 {[%emt 0:01:30]} 15. Ne1 {[%emt 0:05:00]} Ng6 {[%emt 0:03:30]} 16. f3 {[%emt 0:00:30]} Be6 {[%emt 0:00:30]} 17. c3 {[%emt 0:00:30]} dxc3 {[%emt 0:00:30]} 18. Qxc3 {[%emt 0:01:30]} Qb5 {[%emt 0:01:30]} 19. Nd3 {[%emt 0:09:30]} O-O {[%emt 0:07:30]} 20. Rac1 {[%emt 0:02:30]} Rad8 {[%emt 0:01:30]} 21. Ba3 {[%emt 0:03:30]} Rfe8 {[%emt 0:01:30]} 22. Ng3 {[%emt 0:08:30]} Nf4 {[%emt 0:04:30]} 23. Nxc5 {[%emt 0:07:30]} Be5 {[%emt 0:21:30]} 24. Qb4 {[%emt 0:02:30]} Bc8 {[%emt 0:05:30]} 25. Qxb5 {[%emt 0:02:30]} axb5 {[%emt 0:00:30]} 26. Kf1 {[%emt 0:00:30]} g6 {[%emt 0:01:30]} 27. Bb4 {[%emt 0:02:38]} h5 {[%emt 0:00:30]} 28. h4 {[%emt 0:04:26]} Rd6 {[%emt 0:03:31]} 29. Nh1 {[%emt 0:02:36]} Red8 {[%emt 0:00:28]} 30. Nf2 {[%emt 0:00:26]} g5 {[%emt 0:04:52]} 31. hxg5 {[%emt 0:00:20]} fxg5 {[%emt 0:00:02]} 32. Rxd6 {[%emt 0:00:32]} Bxd6 {[%emt 0:03:41]} 33. Ncd3 {[%emt 0:05:21]} Ne6 {[%emt 0:00:49]} 34. Bxd6 {[%emt 0:01:08]} Rxd6 {[%emt 0:01:08]} 35. Ke2 {[%emt 0:00:38]} Kg7 {[%emt 0:02:05]} 36. Ke3 {[%emt 0:00:50]} Ra6 {[%emt 0:01:33]} 37. Nb4 {[%emt 0:00:32]} Ra7 {[%emt 0:00:39]} 38. Nfd3 {[%emt 0:00:11]} Kf6 {[%emt 0:00:49]} 39. g3 {[%emt 0:00:25]} Bd7 {[%emt 0:00:23]} 40. Nc5 {[%emt 0:00:57]} Nxc5 {[%emt 0:00:21]} 41. Rxc5 {[%emt 0:30:11]} c6 {[%emt 0:30:13]} 42. f4 {[%emt 0:01:08]} gxf4+ {[%emt 0:00:10]} 43. Kxf4 {[%emt 0:04:49]} Kg6 {[%emt 0:00:58]} 44. Nxc6 {[%emt 0:01:50]} 1-0